Elementos para una crítica de la filosofía de los valores
Spremljeno u:
| Glavni autor: | |
|---|---|
| Format: | Knjiga |
| Jezik: | španjolski |
| Izdano: |
Madrid
Instituto Luis Vives de Filosofía
1948
|
| Teme: | |
| Oznake: |
Dodaj oznaku
Bez oznaka, Budi prvi tko označuje ovaj zapis!
|
MARC
| LEADER | 00000nam a2200000 a 4500 | ||
|---|---|---|---|
| 001 | UCZ4457 | ||
| 003 | CL-VaPUC | ||
| 008 | 951109e19480000SP |||||||||||||||||spa|d | ||
| 082 | 0 | 4 | |a 170 |b LIN |2 21 |
| 100 | |a Linares Herrera, Antonio |e autor |9 348497 | ||
| 245 | 1 | 0 | |a Elementos para una crítica de la filosofía de los valores |
| 300 | |a 189 p | ||
| 942 | |c BK | ||
| 945 | |d 19951109 00:00:00 |a rleighto | ||
| 260 | |a Madrid |b Instituto Luis Vives de Filosofía |c 1948 | ||
| 650 | 0 | |a Filosofía |9 223554 | |
| 650 | 0 | |a Valores morales |9 310604 | |
| 650 | 0 | |a Ética |9 255099 | |
| 583 | |a last modification |c 19951109 00:00:00 |k Rodrigo Vera | ||
| 999 | |c 240836 |d 240834 | ||
| 952 | |0 0 |1 0 |4 0 |6 170_000000000000000_LIN_1948 |7 0 |8 P |9 252881 |a BIBEDU |b BIBEDU |c BIBEDU_PB |d 2019-11-19 |i 3147266 |o 170 LIN 1948 |p 3147266 |r 2024-01-25 |w 2019-11-19 |y BK |k EDU | ||